Statistics for MLB All-Star Designated Hitters since 1986

Click here to take the quiz!

General Stats

  • This quiz has been taken 39 times
    (22 since last reset)
  • The average score is 8 of 33

Answer Stats

Answer% Correct
David Ortiz
93%
Edgar Martinez
67%
J.D. Martinez
67%
Victor Martinez
67%
Prince Fielder
53%
Jim Thome
47%
Vladimir Guerrero
47%
Adam Dunn
40%
Bryce Harper
33%
Dave Parker
33%
Greg Vaughn
33%
Chili Davis
27%
Jose Canseco
27%
Nelson Cruz
27%
Dmitri Young
20%
Harold Baines
20%
Paul Molitor
20%
Carlos Beltran
13%
Garrett Cooper
13%
Shin-Soo Choo
13%
Billy Butler
7%
Daniel Vogelbach
7%
Edwin Encarnacion
7%
John Jaha
7%
Mike Sweeney
7%
Yordan Alvarez
7%
Hunter Pence
0%
Jeffrey Leonard
0%
Larry Parrish
0%
Max Muncy
0%
Milton Bradley
0%
Shohei Otani
0%
William Contreras
0%

Score Distribution

Percentile by Number Answered

Percent of People with Each Score

Your Score History

You have not taken this quiz since the last reset